Normal view
MARC view
- Wright, David,
Entry Personal Name
001 - CONTROL NUMBER
- control field: 82200
003 - CONTROL NUMBER IDENTIFIER
- control field: NUST
005 - DATE AND TIME OF LATEST TRANSACTION
- control field: 20210907104632.0
008 - FIXED-LENGTH DATA ELEMENTS
- fixed length control field: 210907|| aca||aabn | a|a d
040 ## - CATALOGING SOURCE
- Original cataloging agency: NUST
- Transcribing agency: NUST
100 ## - HEADING--PERSONAL NAME
- Personal name: Wright, David,
- Dates associated with a name: 1948 December 10-
670 ## - SOURCE DATA FOUND
- Source citation: Work cat.: (NUST)32972: Wright, David 82196, Safeguards in a world of ambient intelligence /, c2008.
